উইকিলিকসে বাংলাদেশ : (Record no. 39602)
[ view plain ]
| 000 -LEADER | |
|---|---|
| fixed length control field | 01213nam a2200241 a 4500 |
| 001 - CONTROL NUMBER | |
| control field | 39602 |
| 003 - CONTROL NUMBER IDENTIFIER | |
| rucl marc code | BD-RjUL |
| 005 - DATE AND TIME OF LATEST TRANSACTION | |
| control field | 20211209053026.0 |
| 008 - FIXED-LENGTH DATA ELEMENTS--GENERAL INFORMATION | |
| fixed length control field | 160413s2013 bg ||||| |||| 001 0 ben d |
| 020 ## - INTERNATIONAL STANDARD BOOK NUMBER | |
| International Standard Book Number | 9789849025207 |
| Terms of availability | : Tk.520.00 |
| 035 ## - SYSTEM CONTROL NUMBER | |
| System control number | (BD-RjUL)39715 |
| 040 ## - CATALOGING SOURCE | |
| Original cataloging agency | BD-RjUL |
| Language of cataloging | ben |
| Transcribing agency | BD-RjUL |
| 041 ## - LANGUAGE CODE | |
| Language code of text/sound track or separate title | ben |
| 082 ## - DEWEY DECIMAL CLASSIFICATION NUMBER | |
| Edition number | 23 |
| Classification number | 327.273 |
| Author mark and year | WIK 2013 |
| 245 00 - TITLE STATEMENT | |
| Title | উইকিলিকসে বাংলাদেশ : |
| Remainder of title | উইকিলিকস ওয়েবসাইটে প্রকাশিত ঢাকার মার্কিন দূতাবাসের গোপনীয় তারবার্তার সংকলন / |
| Statement of responsibility, etc. | সংকলন, অনুবাদ ও সম্পাদনা মশিউল আলম |
| 260 ## - PUBLICATION, DISTRIBUTION, ETC. (IMPRINT) | |
| Place of publication, distribution, etc. | ঢাকা : |
| Name of publisher, distributor, etc. | প্রথমা প্রকাশন, |
| Date of publication, distribution, etc. | ২০১৩. |
| 300 ## - PHYSICAL DESCRIPTION | |
| Pagination | ৩৪৪ পৃ. ; |
| Size | ২১ সেমি. |
| 500 ## - GENERAL NOTE | |
| General note | নির্ঘন্ট সংযুক্ত |
| 650 ## - SUBJECT ADDED ENTRY--TOPICAL TERM | |
| Topical term or geographic name as entry element | দূতাবাস |
| Geographic subdivision | যুক্তরাষ্ট্র |
| 9 (RLIN) | 121980 |
| Topical term or geographic name as entry element | Embassy |
| Geographic subdivision | United State |
| 9 (RLIN) | 121981 |
| 700 ## - ADDED ENTRY--PERSONAL NAME | |
| Personal name | আলম, মশিউল, সংকলক, অনুবাদক ও সম্পাদক |
| 942 ## - ADDED ENTRY ELEMENTS (KOHA) | |
| Source of classification or shelving scheme | Dewey Decimal Classification |
| Koha item type | Books |
| Lost status | Source of classification or shelving scheme | Damaged status | Not for loan | Collection code | Permanent Location | Current Location | Shelving location | Date acquired | Source of acquisition | Cost, normal purchase price | Total Checkouts | Full call number | Date last seen | Copy number | Koha item type | Date checked out |
|---|---|---|---|---|---|---|---|---|---|---|---|---|---|---|---|---|
| Dewey Decimal Classification | Not For Loan | Non-fiction | Central Library, University of Rajshahi | Central Library, University of Rajshahi | Reading Room | 02/02/2014 | Prothoma Prokason, Dhaka | 520.00 | B 327.273 WIK 2013 | 13/04/2016 | C-1 | Books | ||||
| Dewey Decimal Classification | Non-fiction | Central Library, University of Rajshahi | Central Library, University of Rajshahi | 02/02/2014 | Prothoma Prokason, Dhaka | 520.00 | 4 | B 327.273 WIK 2013 | 23/03/2017 | C-2 | Books | 07/03/2017 | ||||
| Dewey Decimal Classification | Non-fiction | Central Library, University of Rajshahi | Central Library, University of Rajshahi | 02/02/2014 | Prothoma Prokason, Dhaka | 520.00 | 4 | B 327.273 WIK 2013 | 30/04/2017 | C-3 | Books | 12/04/2017 |